|
|
|
|
| LEADER |
01222nam a2200313 a 4500 |
| 001 |
39502 |
| 003 |
BD-DhAAL |
| 008 |
221011t1996 dcua b i000 0 eng d |
| 999 |
|
|
|c 44938
|d 44938
|
| 010 |
|
|
|a 96035343
|
| 020 |
|
|
|a 155775599X
|
| 040 |
|
|
|a DLC
|c DLC
|d DLC
|d BD-DhAAL
|
| 050 |
0 |
0 |
|a HG1551
|b .L56 1996
|
| 082 |
0 |
0 |
|a 332.1
|
| 100 |
1 |
|
|a Lindgren, Carl-Johan.
|9 51731
|
| 245 |
1 |
0 |
|a Bank soundness and macroeconomic policy /
|c Carl-Johan Lindgren, Gillian Garcia, and Matthew I. Saal.
|
| 260 |
|
|
|a Washington, D.C. :
|b International Monetary Fund,
|c 1996.
|
| 300 |
|
|
|a xv, 215 pages :
|b illustrations ;
|c 24 cm.
|
| 504 |
|
|
|a Includes bibliographical references (pages 205-215).
|
| 541 |
|
|
|a Donated By Akbar Ali Khan
|e 39502
|
| 650 |
|
0 |
|a Banks and banking.
|9 51732
|
| 650 |
|
0 |
|a Financial institutions.
|9 51733
|
| 650 |
|
0 |
|a Economic policy.
|9 51734
|
| 650 |
|
0 |
|a Macroeconomics.
|9 51735
|
| 700 |
1 |
|
|a Garcia, G. G.
|9 51736
|
| 700 |
1 |
|
|a Saal, Matthew I.
|9 51737
|
| 852 |
|
|
|a Ayesha Abed Library
|c Akbar Ali Khan Collection
|
| 942 |
|
|
|2 ddc
|c BK
|
| 952 |
|
|
|0 0
|1 0
|2 ddc
|4 0
|6 332_100000000000000_LIN
|7 1
|9 71915
|a BRACUL
|b BRACUL
|c AAKC
|d 2022-10-11
|e Donated by Akbar Ali Khan
|l 0
|o 332.1 LIN
|p 3010039502
|r 2022-10-11
|t 1
|w 2022-10-11
|y BK
|